Datum a čas kvízu
11.5
Celkem bodů
Celkový počet nahraných bodů na tomto kvízu bez doplňovacích otázek.
14.
Pořadí na kvízu
Konečné umístění týmu na tomto kvízu.
Zaznamenané odpovědi
| # | Otázka | Odpověď | Body | Výsledky |
|---|---|---|---|---|
| 1. | Česká vláda ve středu jmenoval... | Michal Koudelka | 0 | |
| 2. | Až do pozdní noci se v pondělí... | nezvykle dlouhý stůl | 0 | |
| 3. | Ve čtvrtek začal již 72. roční... | Berlinale | 0 | |
| 4. | Jeden muž se minulý týden vrát... | Mirek Topolánek | 0 | |
| 5. | V úterý 15. února slaví své ne... | (HC Energie) Karlovy Vary | 0 | |
| 6. | Začneme jedním ze základních k... | H = hard (tvrdý), B = black (černý) | 0.5 | |
| 7. | Jak se nazývá kreslicí materiá... | rudka | 0 | |
| 8. | Který španělský malíř žijící v... | Francisco Goya | 0 | |
| 9. | Vedle klasických pastelek, jak... | akvarelové | 0 | |
| 10. | Firma Koh-i-noor Hardtmuth je... | v Českých Budějovicích | 0 |